UBT Library

The economics of ageing / (Record no. 42263)

000 -LEADER
fixed length control field 00723cam a2200229 a 4500
001 - CONTROL NUMBER
control field 3489621
005 - DATE AND TIME OF LATEST TRANSACTION
control field 20180209073231.0
008 - FIXED-LENGTH DATA ELEMENTS--GENERAL INFORMATION
fixed length control field 941228s1995 enka s 000 0 eng
010 ## - LIBRARY OF CONGRESS CONTROL NUMBER
LC control number 94049066
020 ## - INTERNATIONAL STANDARD BOOK NUMBER
International Standard Book Number 1852788275 :
Terms of availability $176.95 (approx.)
040 ## - CATALOGING SOURCE
Original cataloging agency DLC
Transcribing agency DLC
Modifying agency DLC
041 ## - LANGUAGE CODE
Language code of text/sound track or separate title eng
080 ## - UNIVERSAL DECIMAL CLASSIFICATION NUMBER
Universal Decimal Classification number 305.26
082 00 - DEWEY DECIMAL CLASSIFICATION NUMBER
Classification number 305.26 CRE
Edition number 20
100 ## - Rafti
Rafti 19
101 ## - Shkurtesa
Shkurtesa SHP
245 04 - TITLE STATEMENT
Title The economics of ageing /
Statement of responsibility, etc edited by John Creedy.
504 ## - BIBLIOGRAPHY, ETC. NOTE
Bibliography, etc Includes bibliographical references and index.
906 ## - LOCAL DATA ELEMENT F, LDF (RLIN)
a 7
b cbc
c orignew
d 1
e ocip
f 19
g y-gencatlg
942 ## - ADDED ENTRY ELEMENTS (KOHA)
Source of classification or shelving scheme
Item type Books
Holdings
Withdrawn status Lost status Source of classification or shelving scheme Damaged status Not for loan Collection code Permanent location Current location Shelving location Date acquired Total Checkouts Full call number Barcode Date last seen Price effective from Koha item type
          Koleksioni i përgjithshem UBT - Lipjan UBT - Lipjan Koleksioni i lëndeve mesimore 02/09/2018   305.26 CRE 002-2998735 02/09/2018 02/09/2018 Books
UBT Library © 2015-2024. All rights reserved University Education for Business and Technology